Ifigenia (Diario de una señorita que escribió porque se fastidiaba)
Guardat en:
| Autor principal: | |
|---|---|
| Format: | Llibre |
| Idioma: | Spanish |
| Publicat: |
Caracas, Venezuela
Las Novedades
1924
|
| Edició: | 4 |
| Matèries: | |
| Etiquetes: |
Afegir etiqueta
Sense etiquetes, Sigues el primer a etiquetar aquest registre!
|
MARC
| LEADER | 00000nam a2200000Ia 4500 | ||
|---|---|---|---|
| 008 | 170316s9999 xx 000 0 spa d | ||
| 040 | |a cru BVZT | ||
| 090 | |a 860 P-7i | ||
| 100 | |a Parra, Teresa de la | ||
| 245 | |a Ifigenia (Diario de una señorita que escribió porque se fastidiaba) | ||
| 250 | |a 4 | ||
| 260 | |a Caracas, Venezuela | ||
| 260 | |b Las Novedades | ||
| 260 | |c 1924 | ||
| 300 | |a 446 páginas | ||
| 650 | |a LITERATURA LATINOAMERICANA |9 15 | ||
| 650 | |a NOVELA |9 13 | ||
| 999 | |c 9110 |d 9110 | ||
| 942 | |c LIB |h 860 P-7i |2 z | ||
